Women in agriculture (Record no. 5062)

MARC details
000 -LEADER
fixed length control field 00387nam a22001697a 4500
005 - DATE AND TIME OF LATEST TRANSACTION
control field 20210908131521.0
008 - FIXED-LENGTH DATA ELEMENTS--GENERAL INFORMATION
fixed length control field 160701b xxu||||| |||| 00| 0 eng d
020 ## - INTERNATIONAL STANDARD BOOK NUMBER
ISBN 81-7022-363-6
041 ## - LANGUAGE CODE
Language code of text/sound track or separate title eng
082 ## - DEWEY DECIMAL CLASSIFICATION NUMBER
Item number 20353
100 ## - MAIN ENTRY--AUTHOR NAME
Personal name varmas shashikant
245 ## - TITLE STATEMENT
Title Women in agriculture
260 ## - PUBLICATION, DISTRIBUTION, ETC. (IMPRINT)
Name of publisher concept
Year of publication 2001
300 ## - PHYSICAL DESCRIPTION
Number of Pages 187
650 ## - SUBJECT ADDED ENTRY--TOPICAL TERM
Topical Term Agriculture
942 ## - ADDED ENTRY ELEMENTS (KOHA)
Koha item type Books
Holdings
Lost status Damaged status Collection code Home library Current library Shelving location Date acquired Source of acquisition Cost, normal purchase price Full call number Accession Number Koha item type
    Reference JRU Library JRU Library SHELF-2-C 01/07/2016 PURCHASE 325.00 331.483 20353 Books
    AGRICULTURE JRU Library JRU Library SHELF-45-J 01/07/2016 PURCHASE 325.00 331.483 20354 Books
    AGRICULTURE JRU Library JRU Library SHELF-45-J 01/07/2016 PURCHASE 325.00 331.483 20355 Books
    AGRICULTURE JRU Library JRU Library SHELF-45-J 01/07/2016 PURCHASE 325.00 331.483 20356 Books
    AGRICULTURE JRU Library JRU Library SHELF-45-J 01/07/2016 PURCHASE 325.00 331.483 20357 Books